Think Family, Act Family (Record n. 360627)

Dettagli MARC
000 -LEADER
campo di controllo lung. fissa 01204nam a22002297a 4500
003 - Identificatore del numero di controllo
campo di controllo IT-MiCISF
005 - Data e orario dell'ultima transazione
campo di controllo 20250919111628.0
008 - Elementi di lunghezza fissa--Informazione generale
campo di controllo lung. fissa 250919b |||||||| |||| 00| 0 eng d
040 ## - Fonte della catalogazione
Agenzia che fa la trascrizione IT-MiCISF
041 ## - Codice di lingua
Codice di lingua del testo/traccia sonora o titolo separato it
100 ## - Accesso principale -- nome di persona
Nome di persona Carrà Elisabetta, Boccacin Lucia (a cura di)
9 (RLIN) 62623
245 ## - Formulazione del titolo
Titolo Think Family, Act Family
250 ## - Formulazione di edizione
Formulazione di edizione "Studi interdisciplinari sulla famiglia", n. 35
260 ## - Pubblicazione, distribuzione, ecc. (stampa)
Data di pubblicazione, distribuzione, ecc. 2024
300 ## - Descrizione fisica
Estensione pp. IX-245
310 ## - Periodicità corrente della pubblicazione
Periodicità corrente della pubblicazione annuale
500 ## - Nota generale
Nota generale famiglia, diritto, psicologia, statistica, politica-familiare, previdenze-per-famiglia, metodo-d'indagine, comparazione, lavoro, teoria, giovani, cura, carcere
650 ## - Accesso aggiunto di soggetto--termine topico
Termine topico o nome geografico come accesso Famiglia
654 ## - Accesso aggiunto di soggetto--termini topici faccettati
Termine principale rivista
700 ## - Accesso aggiunto--nome di persona
Nome di persona Amadini M., Bellani D., Bertoni A., Bissola R., Boccacin L., Bonanomi A., Cadei L., Carrà E., Damiola S., Donato S., Facchin F., Fusar Poli C.,
-- Iafrate R., Limongelli P., Lopez Narbona A.M., Lopez G., Luppi F., Mazzucchelli S., Molgora S., Mussetto G., Nicolussi A., Ortega Gaspar M.,
-- Paolino C., Parise M., Pavesi N., Perali F., Pesenti L., Portonera G., Regalia C., Rivellini G., Rosnati R., Rusconi C., Saita E., Sorge A., Tabacchi A.,
-- Truscello G., Vagnini D., Zini P.
9 (RLIN) 62624
942 ## - Dati aggiuntivi (Koha)
Fonte della classificazione o dello schema di collocazione (segnatura) Dewey Decimal Classification
Tipo copia default (Koha) RIVISTA
Dati di copia
Ritirato (status) Perso (status) Fonte della classificazione o dello schema di collocazione (segnatura) Danneggiato (status) Non per il presito Biblioteca proprietaria Biblioteca in cui si trova Data d'acquisizione Totale prestiti Collocazione Data ultima operazione Prezzo in vigore dal Tipo copia default (Koha)
    Dewey Decimal Classification Buone Condizioni Not For Loan CISF - Milano CISF - Milano 19/09/2025   A04/R039 19/09/2025 19/09/2025 RIVISTA
CREDITS: SOCIETA' SAN PAOLO Via A.Severo, 58 - ROMA (RM) & PERIODICI SAN PAOLO SRL Via Giotto, 36 MILANO & CISF Via Giotto, 36 MILANO & EDIZIONI SAN PAOLO SRL,  Piazza Soncino, 5 CINISELLO BALSAMO (MI) -- ITALY